|
|
|
|
| LEADER |
00000nam a22000007a 4500 |
| 005 |
20130327185944.0 |
| 007 |
cr|||| |||| |
| 008 |
130327e2012 ck |||||s|||| 00||0 spa d |
| 020 |
|
|
|a 978-958-8378-02-2
|
| 035 |
|
|
|a 9158
|
| 040 |
|
|
|a vLex
|
| 090 |
|
|
|c 4069
|d 4069
|
| 100 |
1 |
0 |
|a Chv̀ez Marn̕, Augusto Ramn̤
|
| 245 |
1 |
4 |
|a Los convenios de la administracin̤
|b entre la gestin̤ pb︢lica y la actividad contractual
|c / Augusto Ramn̤ Chv̀ez Marn̕
|h [Recurso electrn̤ico]
|
| 256 |
|
|
|a Servicio en ln̕ea
|
| 260 |
|
|
|a Bogot ̀:
|b Editorial Universidad de Rosario (Colombia),
|c 2012
|
| 300 |
|
|
|a 1 Recurso electrn̤ico
|
| 506 |
|
|
|d vLex Global
|d vLex Global (Academic Edition, excluding Law Schools)
|d vLex Global (U.S. Academic Edition, Law Schools)
|d vLex Global (U.S. Academic Edition, excluding Law Schools)
|d vLex Global (Academic Edition, Law Schools)
|
| 650 |
0 |
4 |
|a Derecho administrativo
|z Colombia
|
| 650 |
0 |
4 |
|a Contratacin̤ administrativa
|z Colombia
|
| 740 |
|
|
|a vLex Libros (Servicio en ln̕ea)
|
| 856 |
|
|
|a Acceso restringido
|u http://www.vlex.com/source/9158
|
| 942 |
|
|
|c BOOK
|
| 999 |
|
0 |
|a Administrative law
|